Normal view
MARC view
- رومان، جاك ؛ ترجمة عبد الرزاق جعفر
Entry Personal Name
001 - CONTROL NUMBER
- control field: 8059
003 - CONTROL NUMBER IDENTIFIER
- control field: JO-AjAnu
005 - DATE AND TIME OF LATEST TRANSACTION
- control field: 20230606071612.0
008 - FIXED-LENGTH DATA ELEMENTS
- fixed length control field: 230606|| aca||aabn | a|a d
040 ## - CATALOGING SOURCE
- Original cataloging agency: JO-AjAnu
- Transcribing agency: JO-AjAnu
100 ## - HEADING--PERSONAL NAME
- Personal name: رومان، جاك ؛ ترجمة عبد الرزاق جعفر
670 ## - SOURCE DATA FOUND
- Source citation: Work cat.: (JO-AjAnu)4163: رومان، جاك ؛ ترجمة عبد الرزاق جعفر, author, سادة الندى